Loading...
Fine Arts - Classical Music | 3 | 6.67 | 33% | 0% | 33% |
Fine Arts - Other Fine Arts | 4 | 7.50 | 75% | 0% | 0% |
Geography/Current Events | 2 | 15.00 | 100% | 50% | 0% |
History - American History | 3 | 13.33 | 100% | 33% | 0% |
History - European History | 4 | 10.00 | 100% | 0% | 0% |
History - Other History | 4 | 10.00 | 100% | 0% | 0% |
History - World History | 3 | 13.33 | 67% | 67% | 0% |
Literature - American Literature | 4 | 5.00 | 50% | 0% | 0% |
Literature - British Literature | 2 | 5.00 | 50% | 0% | 0% |
Literature - European Literature | 7 | 11.43 | 86% | 14% | 14% |
Literature - World/Other Literature | 1 | 10.00 | 100% | 0% | 0% |
Mythology | 4 | 17.50 | 100% | 50% | 25% |
Other Academic | 2 | 15.00 | 100% | 50% | 0% |
Philosophy | 4 | 7.50 | 75% | 0% | 0% |
Pop Culture | 1 | 0.00 | 0% | 0% | 0% |
Religion | 1 | 10.00 | 100% | 0% | 0% |
Science - Biology | 4 | 17.50 | 100% | 50% | 25% |
Science - Chemistry | 3 | 13.33 | 100% | 33% | 0% |
Science - Other Science | 4 | 17.50 | 100% | 75% | 0% |
Science - Physics | 2 | 10.00 | 100% | 0% | 0% |
Social Science | 4 | 7.50 | 75% | 0% | 0% |